000 00257nam a2200097Ia 4500
001 1206808
005 20251010145715.0
008 250824s9999 xx 000 0 und d
245 0 _aFİKRİMİN İNCE GÜLÜ
_cADALET AĞAOĞLU
260 _bEVEREST YAYINLARI
999 _c1206808
_d1206808